000 00490nam a2200193Ia 4500
005 20240823010047.0
008 240823s9999||||xx |||||||||||||| ||und||
041 _aENGLISH
082 _A620.106 N7
100 _aVijay Gupta
245 0 _aFluid Mechanics and its applications
250 _a1st
260 _c1997
_b"New Age,New Delhi"
500 _aTRANSFERED
650 _aFluid Mechanics
_bAeronautical Engineering
700 _a Santosh K Gupta
942 _cBK
999 _c157519
_d157519